| 000 | 00870nam a2200289Ia 4500 | ||
|---|---|---|---|
| 003 | SMC | ||
| 005 | 20170113093838.0 | ||
| 008 | 160404s9999 xx 000 0 und d | ||
| 020 | _a971-8966-60-9 | ||
| 050 | _aFIL HF 5635 | ||
| 050 | _b.C33 2005 v.1 | ||
| 100 | _aCabrera, Ma. Elenita Balatbat. | ||
| 245 | _aFinancial accounting and reporting : | ||
| 245 | _btheory and practice : under Philippine financial reporting standards effective January 1, 2005 (IFRSs and IASs-based) / | ||
| 245 | _cMa. Elenita Balatbat Cabrera. | ||
| 260 | _aManila : | ||
| 260 | _bGIC Enterprises,. Inc., | ||
| 260 | _c2005 | ||
| 300 | _a913 pages : | ||
| 300 | _billustrations ; | ||
| 300 | _c23 cm. | ||
| 440 | _vv.1 | ||
| 500 | _aIncludes bibliographical references. | ||
| 650 | _aAccounting. | ||
| 650 | _xFinancial reports -- Philippines. | ||
| 942 |
_2lcc _cBK |
||
| 999 |
_c293230 _d293230 |
||